| 000 | 00737nam a22002057a 4500 | ||
|---|---|---|---|
| 999 |
_c195278 _d195278 |
||
| 005 | 20230316115600.0 | ||
| 010 | _aENG-136443 | ||
| 020 | _c1150.00 | ||
| 035 | _aEN-119975 | ||
| 037 | _bDBAD/PUB | ||
| 082 | _a615.532 | ||
| 100 | _aBaig.Mirza | ||
| 245 |
_aSurgery Without Knife : _cBy Thomson Jacob ;Giridhar Kinhal and B.Meenakumari _bAn Evidence Based Clinical Research / |
||
| 250 | _aFirst | ||
| 260 |
_bMafkhar Charitable Trust _aMumbai _c2011 |
||
| 270 |
_a19= Rahat Manzil Off Turner Road Bandra West Near Bandra Lake _bMumbai _e400050 _k26421718 _l23723358 _mhomomafa@born7vsnl.net.in |
||
| 300 |
_axxvii227p.; _c21cm(hbk) _bill. |
||
| 500 | _aThe Homopathic Panch-karma | ||
| 942 |
_2ddc _cEN _h615.532 _mMIR |
||